000 00362 a2200157 4500
001 60439
020 _a8532610773
040 _cAnchieta - Pituba
100 _aTeles, Maria Luiza Silveira
240 1 0 _aSociologia para jovens
_lpor
245 1 0 _aSociologia para jovens
300 _a77
362 0 _a1993
650 4 _aSociologia e Antropologia
942 _cBK
999 _c60439
_d60439